Online Catalogue and eLibrary

Resurgent Patriarchies: (Record no. 1697)

MARC details
000 -LEADER
fixed length control field 00615nam a2200229Ia 4500
005 - DATE AND TIME OF LATEST TRANSACTION
control field 20250213012854.0
008 - FIXED-LENGTH DATA ELEMENTS--GENERAL INFORMATION
fixed length control field 240331s9999 xx 000 0 und d
020 ## - INTERNATIONAL STANDARD BOOK NUMBER
ISBN 9627156132
082 ## - DDC Classification
Item Number - Author Mark BUT
DDC Edition Number 4795
Class No. 305.4
245 #0 - TITLE STATEMENT
Title Resurgent Patriarchies:
Remainder of title Challenges for Women's Movement in Asia
260 ## - PUBLICATION, DISTRIBUTION, ETC.
Place of publication, distribution, etc. Kowloon
Name of publisher, distributor, etc. Asian Regional Exchange for New Alternatives
300 ## - PHYSICAL DESCRIPTION
Extent (e.g. Volumes, Pages etc.) 221 p.,
650 ## - SUBJECT ADDED ENTRY--TOPICAL TERM
Topical term or geographic name entry element Women
650 ## - SUBJECT ADDED ENTRY--TOPICAL TERM
Topical term or geographic name entry element Patriarchy
650 ## - SUBJECT ADDED ENTRY--TOPICAL TERM
Topical term or geographic name entry element Asia
650 ## - SUBJECT ADDED ENTRY--TOPICAL TERM
Topical term or geographic name entry element Religion
650 ## - SUBJECT ADDED ENTRY--TOPICAL TERM
Topical term or geographic name entry element Violence Against Women
700 ## - ADDED ENTRY--PERSONAL NAME
Personal name Butalia, U
Relator term (Role) Editor
700 ## - ADDED ENTRY--PERSONAL NAME
Personal name Magno, N
Relator term (Role) Editor
700 ## - ADDED ENTRY--PERSONAL NAME
Personal name Chi, L. K
Relator term (Role) Editor
942 ## - Koha item type (Biblio)
Koha item type Books in Stacks (Lending)
Holdings
Lost status Damaged status Collection code Home library Current library Shelving location Date acquired Full call number Accession Number Item type
    Lending WERC Library WERC Library Social Science Cupboard 03/31/2024 305.4 RES 4795 Books in Stacks (Lending)

© WERC Library